| 000 | 01086nam a22001937a 4500 | ||
|---|---|---|---|
| 003 | OSt | ||
| 005 | 20260127155128.0 | ||
| 008 | 260127b |||||||| |||| 00| 0 eng d | ||
| 020 | _a9789366164076 | ||
| 041 | _aEng | ||
| 082 |
_23rd _a301/SRE |
||
| 100 | _aSREEVANI R | ||
| 245 | _aApplied Sociology for Nurses (Semester-1) | ||
| 260 |
_aNew Delhi _bJaypee Brothers Medical Publishers _c2025 |
||
| 300 | _aP. 260 | ||
| 500 | _aA comprehensive textbook compiled to meet the requirements as per revised nursing syllabus. Written in easy-to-understand language following a lucid style. Comprehensively covers all basic principles of sociology with nursing implications. Well-illustrated with figures, tables and boxes making it reader friendly. Question bank provided at the end of each chapter to improve self-evaluation and robustness in various examinations. A life-long companion for basic nursing students and all healthcare professionals. Serves as a resource material for those taking up examinations and career in Sociology. | ||
| 610 | _aSociology | ||
| 942 |
_2ddc _cDB |
||
| 999 |
_c370178 _d370178 |
||